The office - Statistiques

Statistiques générales
  • Ce quiz a été pris 53 fois
    7 depuis la dernière actualisation
  • Le résultat moyen est 6 sur 23
Statistiques - réponses
Question Reponse % Correct
Avec quoi arrive Joe Benette durant sa première visite à Scranton ? Deux chiens
50%
Où partent en vacances Mickael et Jan durant leur première vacance ensemble ? Jamaïque
50%
Dans quelle filiale part Holly ? Nashua
50%
Que tue Daryl à son entretien d'embauche pour athlead ? Poisson
50%
Comment s'appelle le chat que Dwight offre à Angela pour se faire pardonner ? Poubelle
50%
Quel personnage est interprété par un des créateurs de la série ? Ryan
50%
Comment se qualifie Gabe quand il est au bureau de Thallahassee ? Toilettes
50%
Dans quel type d'entreprise Dwight fait un rôle play père et fils avec Dwight junior ? costume
33%
Quel est l'instrument de musique fétiche de Andy ? Le banjo
33%
Que coupe Jim le jour de son mariage pour rassurer Pam ? Sa cravate
33%
Comment s'appelle les enfants de Jim et Pam ? Cece et Philip
17%
Qu'offre Todd Paker au bureau pour se faire pardonner mais c'est enfaite empoissonné ? Des cupcakes
17%
Quel personnage de serie est en peluche au milieu du bureau ? Homer simpson
17%
Qu'est ce qui prend feu a cause de Ryan ? le grille pain
17%
A quel procès Toby est juré ? L'étrangleur de scranton
17%
Que s'irrite Andy durant la course pour la rage pour meredith organisé par mickael ? Ses tétons
17%
Quel film veut regarder Erin si elle gagne au scrabble contre Gabe ? Wall.e
17%
Qui devait être la principal actionnaire de Mickeal Scott paper compagny ? Dada sa grand mère
0%
Que case Jan avec un dundies durant sa dispute avec Mickael pendant leurs repas ? l'écran plat de Mickael
0%
Jan dans la saison 9 propose un contrat à Dunder Mifflin, quel est il ? les pages blanche de Scranton
0%
Avec qui Toby pense avoir une relation amoureuse ? Nellie
0%
Que offre Jim et Pam a Mickael à leur retour de voyage de noce ? une bouteille de rhum / peluche perroquet
0%
Quel personnage a en peluche Holly à son retour de scranton ? Woody
0%
Aucun quiz correspondant
Distribution des résultats
% des personnes avec chaque résultat
Percentile par nombre de réponses
Votre historique - résultats
Vous n’avez pas pris ce quiz depuis la dernière actualisation